000
00277nam a22001217a 4500
008
170503b xxu||||| |||| 00| 0 eng d
041
_a
eng
080
_a
34
100
_a
13
101
_a
SHJ
245
_a
THE KENTUCKY EVIDENCE LAW HANDBOOK
_c
LAWSON.R.G
942
_2
udc
_c
BK
999
_c
12565
_d
12565